Víla /
Některé ženy vypadají na první pohled jako bestie, jiné jako víly. Olivie je víla. Jemná, krásná a na první pohled bezelstná.Zamilovat se do víly je snadné, ale někdy nebezpečné. Její představy o partnerském vztahu se mohou vymykat normálu.Říká, že hledá toho pravého, ale je to tak doopravdy? A najd...
Uloženo v:
| Hlavní autor: | |
|---|---|
| Médium: | E-kniha |
| Jazyk: | Czech |
| Vydáno: |
Praha :
E-knihy jedou,
2018
|
| Tagy: |
Žádné tagy |
| LEADER | 01321nam a22002297i 4500 | ||
|---|---|---|---|
| 001 | 310915 | ||
| 007 | ta | ||
| 008 | 260601s2018 xr ||||| |||| 00| 0 cze d | ||
| 020 | |a 9990001789169 | ||
| 044 | |a xr | ||
| 100 | 1 | |a Auterská, Anna |4 aut | |
| 245 | 1 | 0 | |a Víla / |c Auterská, Anna |
| 264 | 1 | |a Praha : |b E-knihy jedou, |c 2018 | |
| 300 | |a 1 online zdroj (136 stran) | ||
| 336 | |a text |b txt |2 rdacontent | ||
| 337 | |a bez média |b n |2 rdamedia | ||
| 338 | |a online zdroj |b cr |2 rdacarrier | ||
| 520 | 2 | |a Některé ženy vypadají na první pohled jako bestie, jiné jako víly. Olivie je víla. Jemná, krásná a na první pohled bezelstná.Zamilovat se do víly je snadné, ale někdy nebezpečné. Její představy o partnerském vztahu se mohou vymykat normálu.Říká, že hledá toho pravého, ale je to tak doopravdy? A najde ho? Nebo najde něco úplně jiného, co jí zlomí vaz? | |
| 910 | |a RBIT002 | ||
| 998 | |d 178916 |a https://core.palmknihy.cz/api/books/178916/cover?pcfodd |b https://core.palmknihy.cz/api/books/178916/cover/400?pcfodd |c https://core.palmknihy.cz/api/books/178916/cover/50?pcfodd |e |g 136 |i 9990001789169 |j https://core.palmknihy.cz/api/books/178916/preview.epub |k https://core.palmknihy.cz/api/books/178916/preview.pdf |l |q 49 |r 1 |s https://www.palmknihy.cz/kniha/178916 |t ebook |y 2018 |z 1 | ||
| 999 | |d 310913 | ||